Responses for Show #3990 - Friday, December 28, 2001

2001 Holiday Kids Week game 5.

(Cheryl: Hi, I'm Cheryl of the Clue Crew. You must at least be this tall to play on Jeopardy! today. Stay tuned.)

Contestants

[<< previous game]

Thomas McIntyre, a 12-year-old from Marino Valley, California

Bobby Bretz, an 11-year-old from Bristol, Rhode Island

Rachel Beckman, an 11-year-old from Danville, Kentucky

[next game >>]

Jeopardy! Round responses

WOMEN IN HISTORY
HICCUP CURES
LAND OF THE PYRAMIDS
TOYS & GAMES
OH, "I" GET IT
I'M TALL ENOUGH TO RIDE THAT!
    $200 11
Pocahontas

Rachel
    $200 21
peanut butter

Rachel
    $200 6
Egypt

Thomas
    $200 1
pogo stick

Thomas
    $200 25
icing

Rachel
    $200 16
Pennsylvania

Rachel
    $400 12
Abigail Adams

Rachel
    $400 22
nose

Triple Stumper
    $400 7
tombs

Thomas
    $400 2
Star Wars

Rachel
    $400 26
ice skating (ice skates)

Rachel
    $400 17
Las Vegas

Thomas
    $600 13
Louisa May Alcott

Thomas
    $600 23
chewing gum

Rachel
    $600 8
mummy

Bobby
    $600 3
Operation

Thomas
    $600 27
Italy

Bobby
    $600 18
Disney's California Adventure

Thomas
    $1,000 14
Harriet Tubman

Thomas
    $800 24
(Alex: Yes, and we have less than a minute to go, Bobby.)

carbon dioxide

Bobby
    $800 9
Mexico

Bobby
    $800 4
Candy Land

Bobby
    $800 28
igneous

Thomas
    $800 19
Ohio

Thomas
    $1000 15
Helen Keller

Thomas
    $1000 10
sphinx

Thomas
    $1000 5
walk the dog

Thomas
    $1000 29
[The end-of-round signal sounds.]

The Iliad

Thomas
    $1000 20
Loch Ness

Thomas

Scores at the first commercial break (after clue 14):

Rachel Bobby Thomas
$1,000 $2,200 $5,000

Scores at the end of the Jeopardy! Round:

Rachel Bobby Thomas
$2,600 $3,600 $10,600

Double Jeopardy! Round responses

WELCOME TO THE WHITE HOUSE
ANIMAL PLANET
DEAR DIARY
SHOE BUSINESS
BODY BASICS
VOWELS
    $400 16
Easter eggs

Rachel
    $400 7
horses

Rachel
    $400 1
Sean "Puffy" Combs

Thomas
    $400 26
Nike

Thomas
    $400 21
lungs

Rachel
    $400 2
(Thomas: I'll take
I'd like to buy a vowel --
Oh! I'm sorry! I mean,
I'd like VOWELS for $400.)
(Alex: Doing humor?!
Doing "Wheel of Fortune" humor?!)

I

Bobby
    $800 17
State Dining Room

Triple Stumper
    $800 8
fruit

Thomas
    $800 12
(George Armstrong) Custer

Rachel
    $800 27
Skechers

Rachel
    $800 22
skin

Bobby
    $800 3
E

Rachel
    $1200 18
Theodore Roosevelt

Rachel
    $1200 9
snake

Rachel
    $1,400 13
Bill Gates

Rachel
    $1200 28
Timberland

Rachel
    $1,000 23
ear

Bobby
    $1200 4
A

Rachel
    $1600 19
The West Wing

Rachel
    $1600 10
owl

Thomas
    $1600 14
(Bobby: Who is...?)

Napoleon (Bonaparte)

BobbyThomas
    $1600 29
Adidas

Thomas
    $1600 24
arteries

Bobby
    $1600 5
U

Rachel
    $2000 20
Jackie Onassis

Rachel
    $2000 11
albino

Thomas
    $2000 15
Mark Twain

Rachel
    $2000 30
(Thomas: Um...what is...Oakley?)

Mary Janes

RachelThomas
    $2000 25
adrenaline

Rachel
    $2000 6
(Thomas: What is E?)

O

BobbyThomas

Scores at the end of the Double Jeopardy! Round:

Rachel Bobby Thomas
$23,600 $7,800 $15,000

[wagering suggestions for these scores]

Final Jeopardy! Round responses

TRADITIONS
BobbyWho is Charles Lin
$7,798
ThomasWho is Santa Claus?
$10,000
RachelWho is Santa Clause?
$6,401
Santa Claus

Final scores:

Rachel Bobby Thomas
$30,001 $2 $25,000
Winner: $30,001 & trip to Oahu, Hawaii with stay at Hilton Hawaiian Village in Waikiki 3rd place: $1,000 shopping spree at HPShopping.com & trip to Oahu, Hawaii with stay at Hilton Hawaiian Village in Waikiki 2nd place: $1,000 shopping spree at HPShopping.com & trip to Oahu, Hawaii with stay at Hilton Hawaiian Village in Waikiki

Game dynamics:

Coryat scores:

Rachel Bobby Thomas
$23,400 $8,000 $14,800
25 R
(including 1 DD),
0 W
10 R
(including 1 DD),
1 W
22 R
(including 1 DD),
2 W

Combined Coryat: $46,200

[game clues] [game scores] [suggest correction]

Game tape date: 2001-12-02
The J! Archive is created by fans, for fans. Scraping, republication, monetization, and malicious use prohibited; this site may use cookies and collect identifying information. See terms. The Jeopardy! game show and all elements thereof, including but not limited to copyright and trademark thereto, are the property of Jeopardy Productions, Inc. and are protected under law. This website is not affiliated with, sponsored by, or operated by Jeopardy Productions, Inc. Join the discussion at JBoard.tv.